Designing, building & testing your own speaker system -- with projects / (Запис № 487950)

МАРК-запис
000 -LEADER
fixed length control field 01693cam a2200385 a 4500
001 - CONTROL NUMBER
control field designingbuildin00weem
003 - CONTROL NUMBER IDENTIFIER
control field CaSfIA
005 - DATE AND TIME OF LATEST TRANSACTION
control field 20210118001742.0
007 - PHYSICAL DESCRIPTION FIXED FIELD--GENERAL INFORMATION
fixed length control field cr||||
008 - FIXED-LENGTH DATA ELEMENTS--GENERAL INFORMATION
fixed length control field 840621s1984 paua f 001 0 eng
010 ## - LIBRARY OF CONGRESS CONTROL NUMBER
LC control number 84008889
040 ## - CATALOGING SOURCE
Original cataloging agency DLC
Transcribing agency DLC
Modifying agency BTCTA
-- OCLCG
-- YDXCP
-- CaSfIA
020 ## - INTERNATIONAL STANDARD BOOK NUMBER
International Standard Book Number 083061964X (pbk.) :
Terms of availability $9.95
020 ## - INTERNATIONAL STANDARD BOOK NUMBER
International Standard Book Number 9780830619641 (pbk.)
020 ## - INTERNATIONAL STANDARD BOOK NUMBER
International Standard Book Number 0830609644 (Radio Shack ed.)
020 ## - INTERNATIONAL STANDARD BOOK NUMBER
International Standard Book Number 9780830609642 (Radio Shack ed.)
035 ## - SYSTEM CONTROL NUMBER
System control number (OCoLC)10948903
050 00 - LIBRARY OF CONGRESS CALL NUMBER
Classification number TK9968
Item number .W44 1984
082 00 - DEWEY DECIMAL CLASSIFICATION NUMBER
Classification number 621.38/028/2
Edition number 19
029 1# - (OCLC)
OCLC library identifier NZ1
System control number 3383407
029 1# - (OCLC)
OCLC library identifier AU@
System control number 000003420734
100 1# - MAIN ENTRY--PERSONAL NAME
Personal name Weems, David B.
Fuller form of name (David Burnola),
Dates associated with a name 1922-
245 10 - TITLE STATEMENT
Title Designing, building & testing your own speaker system -- with projects /
Medium [electronic resource]
Statement of responsibility, etc by David B. Weems.
250 ## - EDITION STATEMENT
Edition statement 2nd ed.
260 ## - PUBLICATION, DISTRIBUTION, ETC. (IMPRINT)
Place of publication, distribution, etc Blue Ridge Summit, Pa. :
Name of publisher, distributor, etc Tab Books,
Date of publication, distribution, etc c1984.
300 ## - PHYSICAL DESCRIPTION
Extent 190 p. :
Other physical details ill. ;
Dimensions 22 cm.
500 ## - GENERAL NOTE
General note Includes index.
506 ## - RESTRICTIONS ON ACCESS NOTE
Standardized terminology for access restriction Необхідна авторизація на https://archive.org/ (створення облікового запису безкоштовно)
506 ## - RESTRICTIONS ON ACCESS NOTE
Standardized terminology for access restriction Необхідна авторизація на https://openlibrary.org/ (створення облікового запису безкоштовно)
650 #0 - SUBJECT ADDED ENTRY--TOPICAL TERM
Topical term or geographic name as entry element Loudspeakers
General subdivision Design and construction
Form subdivision Amateurs' manuals.
740 0# - ADDED ENTRY--UNCONTROLLED RELATED/ANALYTICAL TITLE
Uncontrolled related/analytical title Designing, building, and testing your own speaker system.
856 41 - ELECTRONIC LOCATION AND ACCESS
Uniform Resource Identifier <a href="http://www.archive.org/details/designingbuildin00weem">http://www.archive.org/details/designingbuildin00weem</a>
Public note Free eBook from the Internet Archive
856 42 - ELECTRONIC LOCATION AND ACCESS
Uniform Resource Identifier <a href="http://www.openlibrary.org/books/OL2846778M">http://www.openlibrary.org/books/OL2846778M</a>
Public note Additional information and access via Open Library
942 ## - ADDED ENTRY ELEMENTS (KOHA)
Koha item type ЕКнига

Немає доступних примірників.